[Event "Hualpen U1600"]
[Site "Hualpen"]
[Date "2015.12.12"]
[Round "5.1"]
[White "Sandoval Meza, Pablo"]
[Black "Sanhueza Perales, Rodrigo"]
[Result "1/2-1/2"]
[WhiteElo "1527"]
[BlackElo "1589"]
[PlyCount "93"]
[EventDate "2015.12.12"]
[EventType "swiss"]
[EventRounds "9"]
[EventCountry "CHI"]
[SourceTitle "EXT 2024"]
[Source "ChessBase"]
[SourceDate "2023.10.10"]
[SourceVersion "1"]
[SourceVersionDate "2023.10.10"]
[SourceQuality "1"]

1. e4 e6 2. d4 d5 3. Nc3 dxe4 4. Nxe4 Nf6 5. Nxf6+ Qxf6 6. Nf3 h6 7. Bd3 Bd6 8. Qe2 Bf4 9. 0-0 Bxc1 10. Raxc1 0-0 11. Ne5 Nd7 12. Qe4 g6 13. f4 Qg7 14. Rce1 Nf6 15. Qf3 Rb8 16. Kh1 b6 17. Qh3 Bb7 18. Re3 Kh8 19. Rg3 Be4 20. Bxe4 Nxe4 21. Re3 Nf6 22. Qh4 Rbd8 23. c3 c5 24. dxc5 bxc5 25. Rh3 Rd2 26. Nc4 Re2 27. Re3 Rxe3 28. Nxe3 Rb8 29. Nc4 Nd5 30. Rd1 g5 31. fxg5 Qxg5 32. Qf2 Qg4 33. Qf1 f5 34. Re1 Re8 35. Ne5 Qg7 36. Qf2 Rg8 37. Re2 Nf6 38. Qxc5 Ne4 39. Qd4 Kh7 40. g3 Nxg3+ 41. hxg3 Qxg3 42. Qd1 Qh4+ 43. Rh2 Qe4+ 44. Nf3 Rg3 45. Qd7+ Kg8 46. Qe8+ Kg7 47. Qe7+ 1/2-1/2